Guess the Brand Based on a Description of the Name #2 - Statistics

General Stats
  • This quiz has been taken 4 times
  • The average score is 8 of 15
Answer Stats
Hint Answer % Correct
Red or green fruit containing five to ten seeds and a stem Apple
100%
City in Vermont Burlington
100%
Abominable Snowman Yeti
100%
Cape in Massachusetts Cape Cod
75%
Technology for helping bands in whatever way is necessary Band-Aid
50%
Hole in the ground, typically filled with water, but in this case, filled with honey Honeywell
50%
Death in the form of liquid Liquid Death
50%
Hole in wall used to see through said wall, usually filled with glass Microsoft Windows
50%
Female servant made of rubber Rubbermaid
50%
Alternate United States currency using stars Starbucks
50%
Side of a mountain facing north The North Face
50%
Refers to a thin layer of a similarly-named element electroplated onto another metal for its hardness or shine Google Chrome
25%
Feline which has evolved to become some kind of monster or abomination Monstercat
25%
Buses built by a guy named Thomas Thomas Built Buses
25%
Away from Earth, twice up&up
25%
No matching quizzes found
Score Distribution
Percent of People with Each Score
Percentile by Number Answered
Your Score History
You have not taken this quiz